摄影的原点 (Record no. 29710)

000 -LEADER
fixed length control field 00503nam a22001937a 4500
003 - CONTROL NUMBER IDENTIFIER
control field MPLRDC
005 - DATE AND TIME OF LATEST TRANSACTION
control field 20220104125731.0
008 - FIXED-LENGTH DATA ELEMENTS--GENERAL INFORMATION
fixed length control field 210129b ||||| |||| 00| 0 eng d
020 ## - INTERNATIONAL STANDARD BOOK NUMBER
International Standard Book Number 978-957-442-832-8
082 ## - DEWEY DECIMAL CLASSIFICATION NUMBER
Classification number 952 PET
100 ## - MAIN ENTRY--PERSONAL NAME
Personal name BRYAN PETERSON
245 ## - TITLE STATEMENT
Title 摄影的原点
Statement of responsibility, etc. 谢育伟 译
250 ## - EDITION STATEMENT
Edition statement 初版
260 ## - PUBLICATION, DISTRIBUTION, ETC.
Place of publication, distribution, etc. 台湾
Name of publisher, distributor, etc. 旗标出版股份有限公司
Date of publication, distribution, etc. 2010
300 ## - PHYSICAL DESCRIPTION
Other physical details
490 ## - SERIES STATEMENT
Series statement 摄影大师系列: 05
650 ## - SUBJECT ADDED ENTRY--TOPICAL TERM
Topical term or geographic name entry element 摄影技术、方法
942 ## - ADDED ENTRY ELEMENTS (KOHA)
Koha item type Book
-- 952 PET
Holdings
Withdrawn status Lost status Source of classification or shelving scheme Damaged status Not for loan Collection code Home library Current library Shelving location Date acquired Cost, normal purchase price Total Checkouts Full call number Barcode Date last seen Date last checked out Price effective from Koha item type Public note
            Malaysian Public Library, Research and Development Centre Malaysian Public Library, Research and Development Centre   10/12/2007 51.50   952 PET 00029784 17/03/2021 31/01/2016 17/03/2021 Book mplrdc

© 2022. Malaysian Public Library, Research and Development Centre. All Right ReservedE-mailmplrdc@help.edu.my 

Powered by Koha